Paroles "L'amour brille sous les étoiles" - Le roi lion - Statistiques

Statistiques générales
  • Ce quiz a été pris 4 405 fois
  • Le résultat moyen est 125 sur 159
Statistiques - réponses
Personnage Paroles % Correct
Timon Et
99%
et
99%
La
99%
la
99%
brille
98%
étoiles
98%
les
98%
Timon Sous
98%
sous
98%
Choriste | Timon L'amour
97%
à
95%
en
93%
se
92%
ce
91%
de
91%
lumière
91%
un
89%
Simba Je
88%
je
88%
d'une
87%
étrange
87%
harmonie
87%
parfaite
87%
ça
86%
nous
86%
Timon & Pumbaa Nous
86%
Mais
85%
mais
85%
sa
85%
Terre
85%
Dans
84%
dans
84%
entière
84%
mon
84%
lui
83%
quel
83%
Nala Quel
83%
Pumbaa Qui
83%
qui
83%
comment
82%
ils
82%
avouer
81%
dire
81%
elle
80%
coeur
79%
secret
79%
t'aime
79%
est
78%
tout
78%
Timon C'est
77%
c'est
77%
mes
77%
moment
77%
royal
77%
vit
77%
voudrais
77%
deux
76%
moquent
76%
roi
76%
tous
76%
des
75%
lourd
75%
serait
75%
tant
75%
trop
75%
belle
74%
derrière
74%
histoire
74%
l'air
74%
mauvais
74%
plus
74%
sent
74%
affreux
73%
exil
73%
blessée
72%
cache-t-il
72%
cette
72%
impossible
72%
pauvres
72%
pouilleux
72%
problèmes
72%
rancoeur
72%
sais
72%
au
71%
Moi
71%
Pumbaa Quoi
71%
Pumbaa Si
71%
terrible
71%
atmosphère
70%
qu'il
70%
monde
69%
seuls
69%
magique
68%
romantique
68%
univers
68%
règne
67%
serons
66%
jettent
64%
diamants
61%
leur
61%
l'infini
59%
notre
59%
ami
58%
dit
58%
revoir
58%
soir
58%
éclaire
56%
rêve
54%
Pumbaa Oh
52%
espoir
51%
Timon S'ils
50%
ronde
49%
folle
48%
illuminant
48%
sublime
48%
s'amène
42%
coeurs
40%
leurs
40%
vers
33%
s'enfuient
32%
Aucun quiz correspondant
Distribution des résultats
% des personnes avec chaque résultat
Percentile par nombre de réponses
Votre historique - résultats
Vous n’avez pas pris ce quiz